000 00627nam a2200229Ia 4500
003 OSt
005 20220926012413.0
006 a|||||r|||| 00| 0
007 ta
008 220923b |||||||| |||| 00| 0 eng d
037 _cGeneral Book
040 _aRTL
_cRTL
_beng
041 _2eng
_aeng
082 _aU.58, J8
100 _aShabad Theodore
245 0 _aGeography of the USSR
_b A regional survey
260 _aNew York
_bColumbia Univ Press
_c1958
300 _a584p
_ccm.
650 _aGeography- Europe
_9231495
942 _hU.58, J8
_cGB
_2CC
999 _c622798
_d622798